[Event "Pindamonhangaba op"]
[Site "Pindamonhangaba"]
[Date "2011.07.17"]
[Round "5"]
[White "Blit, Jacques"]
[Black "Barbosa, Evandro Amorim"]
[Result "1/2-1/2"]
[WhiteElo "2294"]
[BlackElo "2343"]
[PlyCount "82"]
[EventDate "2011.07.15"]
[EventType "swiss"]
[EventRounds "5"]
[EventCountry "BRA"]
[SourceTitle "EXT 2014"]
[Source "ChessBase"]
[SourceDate "2013.11.20"]
[SourceVersion "1"]
[SourceVersionDate "2013.11.20"]
[SourceQuality "1"]

1. e4 c5 2. Nf3 e6 3. d4 cxd4 4. Nxd4 Nc6 5. Nxc6 bxc6 6. Bd3 Nf6 7. O-O d5 8.
Nd2 Be7 9. Qe2 O-O 10. b3 a5 11. a4 Qb6 12. Bb2 Ba6 13. e5 Nd7 14. Bxa6 Qxa6
15. Qg4 c5 16. Rfe1 Rab8 17. Rad1 Rfd8 18. Re3 c4 19. Rg3 g6 20. Qe2 Nc5 21.
Ba3 Bf8 22. Bxc5 Bxc5 23. Nf3 Qa7 24. Ng5 cxb3 25. cxb3 Be7 26. Qd2 Rb4 27. Rf3
Bxg5 28. Qxg5 Rdb8 29. h4 h5 30. Rdd3 Rg4 31. Qf6 d4 32. Rf4 Rxf4 33. Qxf4 Rb4
34. g4 hxg4 35. h5 gxh5 36. Qg5+ Kf8 37. Qd8+ Kg7 38. Qg5+ Kf8 39. Qxh5 Qc5 40.
Qg5 Qd5 41. Kh2 Rxb3 1/2-1/2

[Event "Juazeiro op"]
[Site "Juazeiro do Norte"]
[Date "2011.07.22"]
[Round "3"]
[White "Barbosa, Eugenio Seve de Me"]
[Black "Barbosa, Paulo Eduardo E Sil"]
[Result "1/2-1/2"]
[WhiteElo "2095"]
[BlackElo "2280"]
[PlyCount "86"]
[EventDate "2011.07.21"]
[EventType "swiss"]
[EventRounds "7"]
[EventCountry "BRA"]
[SourceTitle "EXT 2012"]
[Source "ChessBase"]
[SourceDate "2011.11.24"]
[SourceVersion "1"]
[SourceVersionDate "2011.11.24"]
[SourceQuality "1"]

1. d4 Nf6 2. Nf3 g6 3. g3 Bg7 4. Bg2 O-O 5. c4 d6 6. Nc3 Nbd7 7. h3 e5 8. e4
exd4 9. Nxd4 Re8 10. O-O Nc5 11. Re1 Bd7 12. Nb3 Nxb3 13. Qxb3 Qc8 14. Kh2 Rb8
15. Bf4 Be6 16. Nd5 Nd7 17. Qc2 h6 18. Rad1 g5 19. Bc1 c6 20. Ne3 Qc7 21. b3
Be5 22. Bb2 Rbd8 23. Bxe5 dxe5 24. Bf3 Nf8 25. Bg4 Qe7 26. Bf5 Qf6 27. c5 Qe7
28. Qc3 f6 29. b4 Bxa2 30. Ra1 Bf7 31. Rxa7 Rd4 32. b5 Qc7 33. b6 Qe7 34. Re2
Red8 35. Ra1 Rd3 36. Qc2 Bb3 37. Qc1 Ne6 38. Bxe6+ Bxe6 39. Ra3 R3d4 40. Qc2 h5
41. Rc3 Qd7 42. h4 gxh4 43. gxh4 Kh7 1/2-1/2

[Event "Juazeiro op"]
[Site "Juazeiro do Norte"]
[Date "2011.07.23"]
[Round "4"]
[White "Abreu Santos, Eudismar"]
[Black "Barbosa, Eugenio Seve de Me"]
[Result "1/2-1/2"]
[WhiteElo "2160"]
[BlackElo "2095"]
[PlyCount "47"]
[EventDate "2011.07.21"]
[EventType "swiss"]
[EventRounds "7"]
[EventCountry "BRA"]
[SourceTitle "EXT 2012"]
[Source "ChessBase"]
[SourceDate "2011.11.24"]
[SourceVersion "1"]
[SourceVersionDate "2011.11.24"]
[SourceQuality "1"]

1. e4 d6 2. d4 Nf6 3. Nc3 Nbd7 4. Be3 e5 5. f3 c6 6. Nge2 Qa5 7. Qd2 b5 8. Ng3
Nb6 9. dxe5 dxe5 10. Bd3 b4 11. Nd1 Be6 12. O-O Rd8 13. Qf2 c5 14. b3 Bxb3 15.
axb3 Qxa1 16. Bb5+ Nfd7 17. Nf5 Qa5 18. Qe2 c4 19. bxc4 a6 20. Bc6 g6 21. f4
Bc5 22. fxe5 O-O 23. Nh6+ Kg7 24. Nf5+ 1/2-1/2

[Event "Juazeiro op"]
[Site "Juazeiro do Norte"]
[Date "2011.07.24"]
[Round "6"]
[White "Da Silva, Jonathan Ferreira"]
[Black "Barbosa, Eugenio Seve de Me"]
[Result "1-0"]
[WhiteElo "1710"]
[BlackElo "2095"]
[PlyCount "36"]
[EventDate "2011.07.21"]
[EventType "swiss"]
[EventRounds "7"]
[EventCountry "BRA"]
[SourceTitle "EXT 2012"]
[Source "ChessBase"]
[SourceDate "2011.11.24"]
[SourceVersion "1"]
[SourceVersionDate "2011.11.24"]
[SourceQuality "1"]

1. e4 d6 2. Bc4 Nf6 3. d3 e5 4. f4 Be7 5. Nf3 Nbd7 6. O-O h6 7. Nc3 c6 8. fxe5
dxe5 9. Nh4 g6 10. Be3 Nf8 11. Qd2 Be6 12. Bb3 Bxb3 13. axb3 Ne6 14. Nf3 Ng4
15. Nd1 Nxe3 16. Qxe3 Qc7 17. Kh1 Bg5 18. Nxg5 hxg5 {Imposivel comtinuar} 1-0

[Event "Natal Potiguar op"]
[Site "Natal"]
[Date "2011.08.19"]
[Round "2"]
[White "Da Silva Filho, Ibernon Luiz"]
[Black "Barbosa, Eugenio Seve de Me"]
[Result "0-1"]
[WhiteElo "1776"]
[BlackElo "2095"]
[PlyCount "90"]
[EventDate "2011.08.19"]
[EventType "swiss"]
[EventRounds "6"]
[EventCountry "BRA"]
[SourceTitle "EXT 2014"]
[Source "ChessBase"]
[SourceDate "2013.11.20"]
[SourceVersion "1"]
[SourceVersionDate "2013.11.20"]
[SourceQuality "1"]

1. c4 Nf6 2. Nc3 d5 3. cxd5 Nxd5 4. Nf3 g6 5. e4 Nxc3 6. bxc3 Bg7 7. Be2 O-O 8.
O-O c5 9. Rb1 Nc6 10. Bb2 e5 11. Ba3 b6 12. Qa4 Qc7 13. Bb5 Na5 14. d4 a6 15.
Be2 exd4 16. cxd4 b5 17. Qc2 c4 18. Bxf8 Kxf8 19. Rfc1 Bg4 20. d5 Re8 21. h3
Bd7 22. Ng5 Qf4 23. Nf3 Qxe4 24. Qxe4 Rxe4 25. Bf1 Nb7 26. Rd1 h6 27. Nd2 Re8
28. Nxc4 Bf5 29. Rb3 Bc2 30. Ne3 Rxe3 31. Rxe3 Bxd1 32. Rd3 Bc2 33. Rd2 Bf5 34.
g4 Be4 35. Be2 Nc5 36. f3 Bb1 37. Bd1 Bc3 38. Re2 Bd3 39. Rg2 a5 40. Be2 b4 41.
Bxd3 Nxd3 42. d6 Nf4 43. Rc2 Ke8 44. a3 b3 45. Rh2 b2 0-1

[Event "Natal Potiguar op"]
[Site "Natal"]
[Date "2011.08.20"]
[Round "3"]
[White "Barbosa, Eugenio Seve de Me"]
[Black "Cabral Mesquita, Jussier"]
[Result "1-0"]
[WhiteElo "2095"]
[BlackElo "1863"]
[PlyCount "65"]
[EventDate "2011.08.19"]
[EventType "swiss"]
[EventRounds "6"]
[EventCountry "BRA"]
[SourceTitle "EXT 2014"]
[Source "ChessBase"]
[SourceDate "2013.11.20"]
[SourceVersion "1"]
[SourceVersionDate "2013.11.20"]
[SourceQuality "1"]

1. d4 Nf6 2. Nf3 g6 3. g3 Bg7 4. Bg2 d5 5. O-O O-O 6. c4 c6 7. cxd5 cxd5 8. Nc3
Nc6 9. h3 Bf5 10. a3 a6 11. Ne5 Be6 12. Nxc6 bxc6 13. Be3 Nd7 14. Rc1 f5 15.
Na4 Rc8 16. Nc5 Nxc5 17. Rxc5 Bd7 18. Qd3 Ra8 19. Rfc1 e5 20. dxe5 Bxe5 21.
Bxd5+ Kh8 22. Bd4 Qe7 23. Bxe5+ Qxe5 24. Bxc6 Qxb2 25. Bxa8 Bb5 26. Rxb5 Qxc1+
27. Kg2 axb5 28. Qd4+ Kg8 29. Bd5+ Rf7 30. Qa7 Kg7 31. Qxf7+ Kh6 32. Qf8+ Kh5
33. Bf3+ 1-0

[Event "Natal Potiguar op"]
[Site "Natal"]
[Date "2011.08.20"]
[Round "4"]
[White "Macedo, Maximo Iack Miranda"]
[Black "Barbosa, Eugenio Seve de Me"]
[Result "1-0"]
[WhiteElo "1776"]
[BlackElo "2095"]
[PlyCount "47"]
[EventDate "2011.08.19"]
[EventType "swiss"]
[EventRounds "6"]
[EventCountry "BRA"]
[SourceTitle "EXT 2014"]
[Source "ChessBase"]
[SourceDate "2013.11.20"]
[SourceVersion "1"]
[SourceVersionDate "2013.11.20"]
[SourceQuality "1"]

1. c4 Nf6 2. Nc3 d5 3. d4 g6 4. cxd5 Nxd5 5. e4 Nxc3 6. bxc3 Bg7 7. Bc4 O-O 8.
Ne2 c5 9. O-O Nc6 10. Be3 Qc7 11. Rc1 Bd7 12. Qd2 Rad8 13. Kh1 Na5 14. Bd3 f5
15. f3 Nc6 16. Bc4+ Kh8 17. Nf4 fxe4 18. fxe4 Qa5 19. dxc5 Ne5 20. Be2 Be6 21.
Bd4 Bg8 22. Qe3 Nc4 23. Nxg6+ hxg6 24. Qh6+ 1-0

[Event "Natal Potiguar op"]
[Site "Natal"]
[Date "2011.08.21"]
[Round "6"]
[White "Albuquerque, Rafael Anderson"]
[Black "Barbosa, Eugenio Seve de Me"]
[Result "0-1"]
[WhiteElo "1915"]
[BlackElo "2095"]
[PlyCount "66"]
[EventDate "2011.08.19"]
[EventType "swiss"]
[EventRounds "6"]
[EventCountry "BRA"]
[SourceTitle "EXT 2014"]
[Source "ChessBase"]
[SourceDate "2013.11.20"]
[SourceVersion "1"]
[SourceVersionDate "2013.11.20"]
[SourceQuality "1"]

1. e4 e6 2. d4 d5 3. exd5 exd5 4. Bd3 Bd6 5. Nf3 Ne7 6. O-O O-O 7. c4 c6 8. Bg5
f6 9. Bh4 Be6 10. c5 Bc7 11. Qc2 g6 12. Re1 Bf5 13. Nc3 Na6 14. a3 Bxd3 15.
Qxd3 Qd7 16. Re2 Qf5 17. Qe3 Rf7 18. Rae1 Bf4 19. Qe6 Nc7 20. Qxf5 Nxf5 21. a4
g5 22. g3 g4 23. Nd2 Bxd2 24. Rxd2 Re8 25. Rxe8+ Nxe8 26. Nd1 Re7 27. Kf1 Re4
28. Ne3 Nxd4 29. Rxd4 Rxd4 30. Nf5 Rxa4 31. Nd6 Nxd6 32. cxd6 Kf7 33. b3 Re4
0-1

[Event "Goiania op"]
[Site "Goiania"]
[Date "2011.09.16"]
[Round "2"]
[White "Barbosa, Evandro Amorim"]
[Black "Okada, William Kenji"]
[Result "1-0"]
[WhiteElo "2383"]
[BlackElo "1772"]
[PlyCount "65"]
[EventDate "2011.09.16"]
[EventType "swiss"]
[EventRounds "6"]
[EventCountry "BRA"]
[SourceTitle "EXT 2014"]
[Source "ChessBase"]
[SourceDate "2013.11.20"]
[SourceVersion "1"]
[SourceVersionDate "2013.11.20"]
[SourceQuality "1"]

1. e4 c5 2. Nf3 d6 3. d4 cxd4 4. Nxd4 Nf6 5. Nc3 a6 6. Be2 e6 7. O-O Be7 8. f4
O-O 9. a4 b6 10. Bf3 Ra7 11. Be3 Bb7 12. a5 d5 13. Nxe6 fxe6 14. Bxb6 Qc8 15.
Bxa7 dxe4 16. Be2 Nd5 17. Nxd5 exd5 18. Bg4 Qc7 19. Be6+ Kh8 20. Qh5 Qc6 21. f5
Nd7 22. Bd4 Nf6 23. Qd1 Bc5 24. c3 Bd6 25. h3 Rd8 26. Qe2 Qe8 27. Rad1 Bc7 28.
Qe3 Qe7 29. g4 Re8 30. Qe2 Qd6 31. Qg2 Bc8 32. g5 Nh5 33. Bf7 1-0

[Event "Goiania op"]
[Site "Goiania"]
[Date "2011.09.17"]
[Round "3"]
[White "Diaz Millan, Reinier"]
[Black "Barbosa, Evandro Amorim"]
[Result "0-1"]
[WhiteElo "1995"]
[BlackElo "2383"]
[PlyCount "64"]
[EventDate "2011.09.16"]
[EventType "swiss"]
[EventRounds "6"]
[EventCountry "BRA"]
[SourceTitle "EXT 2014"]
[Source "ChessBase"]
[SourceDate "2013.11.20"]
[SourceVersion "1"]
[SourceVersionDate "2013.11.20"]
[SourceQuality "1"]

1. d4 Nf6 2. Bg5 c5 3. Bxf6 gxf6 4. d5 Qb6 5. Qc1 f5 6. c4 Bg7 7. Nc3 O-O 8.
Nf3 d6 9. e3 Na6 10. a3 Bd7 11. Bd3 Qd8 12. Qc2 e6 13. h3 Nc7 14. g4 Qf6 15.
gxf5 exf5 16. Rg1 Kh8 17. O-O-O a6 18. Rg3 b5 19. Rdg1 Rg8 20. Ng5 b4 21. Qe2
Bh6 22. axb4 cxb4 23. Nce4 fxe4 24. Nxe4 Qe5 25. f4 Qe7 26. Qh5 f5 27. Qxh6
fxe4 28. Bxe4 Rxg3 29. Rxg3 Rg8 30. Rg5 Ne8 31. Bg6 Rxg6 32. Rxg6 Qxe3+ 0-1

[Event "Goiania op"]
[Site "Goiania"]
[Date "2011.09.17"]
[Round "4"]
[White "Barbosa, Evandro Amorim"]
[Black "Bello, Yunier"]
[Result "1-0"]
[WhiteElo "2383"]
[BlackElo "2071"]
[PlyCount "98"]
[EventDate "2011.09.16"]
[EventType "swiss"]
[EventRounds "6"]
[EventCountry "BRA"]
[SourceTitle "EXT 2014"]
[Source "ChessBase"]
[SourceDate "2013.11.20"]
[SourceVersion "1"]
[SourceVersionDate "2013.11.20"]
[SourceQuality "1"]

1. e4 e5 2. Nf3 Nc6 3. Bb5 a6 4. Ba4 Nf6 5. O-O Be7 6. Re1 b5 7. Bb3 d6 8. c3
O-O 9. h3 Na5 10. Bc2 c5 11. d4 Qc7 12. Nbd2 cxd4 13. cxd4 Nc6 14. Nb3 a5 15.
Be3 a4 16. Nbd2 Bd7 17. Rc1 Rfc8 18. Bd3 Qb7 19. Qe2 Rab8 20. dxe5 Nxe5 21.
Nxe5 dxe5 22. Nf3 Bd6 23. Bg5 Ne8 24. Nh4 f6 25. Be3 g6 26. Nf3 Ng7 27. Red1
Be7 28. Nd2 Ne6 29. Nb1 Bc5 30. Nc3 Nd4 31. Qf1 Kg7 32. Kh1 f5 33. exf5 Bxf5
34. Bxf5 Nxf5 35. Bxc5 Rxc5 36. Qe1 Rbc8 37. a3 Nd4 38. Rd3 b4 39. axb4 Qxb4
40. Rcd1 Qa5 41. Qe3 a3 42. Ne4 axb2 43. Nxc5 Qxc5 44. f4 exf4 45. Qxf4 Nf5 46.
Kh2 Qc1 47. Rd7+ Kg8 48. Qe5 Rf8 49. Rd8 Qh6 1-0

[Event "Goiania op"]
[Site "Goiania"]
[Date "2011.09.18"]
[Round "5"]
[White "Matsuura, Everaldo"]
[Black "Barbosa, Evandro Amorim"]
[Result "1/2-1/2"]
[WhiteElo "2485"]
[BlackElo "2383"]
[PlyCount "47"]
[EventDate "2011.09.16"]
[EventType "swiss"]
[EventRounds "6"]
[EventCountry "BRA"]
[SourceTitle "EXT 2014"]
[Source "ChessBase"]
[SourceDate "2013.11.20"]
[SourceVersion "1"]
[SourceVersionDate "2013.11.20"]
[SourceQuality "1"]

1. c4 c5 2. Nc3 Nc6 3. g3 g6 4. Bg2 Bg7 5. e4 d6 6. d3 Nf6 7. Nge2 O-O 8. O-O
a6 9. f4 Rb8 10. a4 Bd7 11. h3 Ne8 12. f5 Nc7 13. Bg5 b5 14. axb5 axb5 15. Nd5
Nxd5 16. cxd5 Nd4 17. Rb1 Ra8 18. Kh2 Nxe2 19. Qxe2 Ra2 20. Qd2 Re8 21. Bh6 Bf6
22. Bg5 Bg7 23. Bh6 Bf6 24. Bg5 1/2-1/2

[Event "Barrinha op"]
[Site "Barrinha"]
[Date "2011.10.14"]
[Round "2"]
[White "Barbosa, Evandro Amorim"]
[Black "Herbst Neto, Eugenio"]
[Result "1-0"]
[WhiteElo "2383"]
[BlackElo "1933"]
[PlyCount "53"]
[EventDate "2011.10.14"]
[EventType "swiss"]
[EventRounds "6"]
[EventCountry "BRA"]
[SourceTitle "CBM 144 Extra"]
[Source "ChessBase"]
[SourceDate "2011.10.28"]
[SourceVersion "1"]
[SourceVersionDate "2011.10.28"]
[SourceQuality "1"]

1. e4 e5 2. Nf3 Nc6 3. Bb5 d6 4. c3 Bd7 5. d4 Nf6 6. O-O Be7 7. Re1 O-O 8. d5
Nb8 9. Bxd7 Nbxd7 10. c4 Nc5 11. Nc3 a5 12. Qc2 Qd7 13. b3 Nh5 14. Be3 b6 15.
a3 Na6 16. Rab1 Qg4 17. b4 axb4 18. axb4 Nf4 19. Bxf4 exf4 20. Ne2 f5 21. h3
Qh5 22. Nxf4 Qh6 23. Ne6 Rf7 24. exf5 Bf6 25. Qa4 g5 26. b5 g4 27. hxg4 1-0

[Event "Barrinha op"]
[Site "Barrinha"]
[Date "2011.10.15"]
[Round "4"]
[White "Barbosa, Evandro Amorim"]
[Black "Batista, Renato Luiz"]
[Result "1-0"]
[WhiteElo "2383"]
[BlackElo "2194"]
[PlyCount "59"]
[EventDate "2011.10.14"]
[EventType "swiss"]
[EventRounds "6"]
[EventCountry "BRA"]
[SourceTitle "CBM 144 Extra"]
[Source "ChessBase"]
[SourceDate "2011.10.28"]
[SourceVersion "1"]
[SourceVersionDate "2011.10.28"]
[SourceQuality "1"]

1. e4 c5 2. Nf3 d6 3. d4 cxd4 4. Nxd4 Nf6 5. Nc3 g6 6. g3 Bg7 7. Bg2 O-O 8. O-O
a6 9. h3 Qc7 10. Bg5 e6 11. Qd2 Nc6 12. Nde2 Na5 13. b3 Rb8 14. Rad1 Ne8 15.
Bf4 Be5 16. Bh6 Bg7 17. Bxg7 Kxg7 18. a4 b6 19. f4 Bb7 20. f5 Qc5+ 21. Kh2 exf5
22. exf5 Bxg2 23. Kxg2 Rc8 24. f6+ Kh8 25. Qh6 Rg8 26. Rd5 Qc6 27. Kh2 Nc7 28.
Rf4 g5 29. Rh4 gxh4 30. Rh5 1-0

[Event "Barrinha op"]
[Site "Barrinha"]
[Date "2011.10.16"]
[Round "5"]
[White "De Brito, Luismar Jorge"]
[Black "Barbosa, Evandro Amorim"]
[Result "1/2-1/2"]
[WhiteElo "2278"]
[BlackElo "2383"]
[PlyCount "34"]
[EventDate "2011.10.14"]
[EventType "swiss"]
[EventRounds "6"]
[EventCountry "BRA"]
[SourceTitle "CBM 144 Extra"]
[Source "ChessBase"]
[SourceDate "2011.10.28"]
[SourceVersion "1"]
[SourceVersionDate "2011.10.28"]
[SourceQuality "1"]

1. e4 c5 2. Nf3 e6 3. d4 cxd4 4. Nxd4 Nc6 5. Nc3 Qc7 6. Be3 a6 7. Bd3 Nf6 8.
O-O Nxd4 9. Bxd4 Bc5 10. Bxc5 Qxc5 11. Re1 d6 12. Qd2 Bd7 13. Rad1 O-O 14. Bf1
Qb6 15. Re3 Bc6 16. Qd4 Qxd4 17. Rxd4 Rfd8 1/2-1/2

[Event "Cuiaba op"]
[Site "Cuiaba"]
[Date "2011.10.22"]
[Round "4"]
[White "Barbosa, Evandro Amorim"]
[Black "Hengles, Roberto Carlos"]
[Result "1-0"]
[WhiteElo "2383"]
[BlackElo "1929"]
[PlyCount "53"]
[EventDate "2011.10.21"]
[EventType "swiss"]
[EventRounds "6"]
[EventCountry "BRA"]
[SourceTitle "EXT 2013"]
[Source "ChessBase"]
[SourceDate "2012.11.22"]
[SourceVersion "1"]
[SourceVersionDate "2012.11.22"]
[SourceQuality "1"]

1. e4 d5 2. exd5 Qxd5 3. Nc3 Qa5 4. d4 Nf6 5. Nf3 Nc6 6. Bd2 a6 7. Bc4 Nxd4 8.
Nxd4 Qc5 9. Bxf7+ Kxf7 10. Nf3 Bg4 11. h3 Qh5 12. Ng5+ Kg8 13. f3 Qh4+ 14. Kf1
h6 15. Nge4 Nxe4 16. Nxe4 Bd7 17. g4 Bb5+ 18. Kg2 e5 19. Be1 Qe7 20. Qd5+ Kh7
21. Rd1 Bc6 22. Qd3 g6 23. h4 Bg7 24. Bg3 Rad8 25. Ng5+ hxg5 26. hxg5+ Bh6 27.
Rxh6+ 1-0

[Event "Cuiaba op"]
[Site "Cuiaba"]
[Date "2011.10.23"]
[Round "5"]
[White "Barbosa, Evandro Amorim"]
[Black "Vescovi, Giovanni P"]
[Result "0-1"]
[WhiteElo "2383"]
[BlackElo "2634"]
[PlyCount "92"]
[EventDate "2011.10.21"]
[EventType "swiss"]
[EventRounds "6"]
[EventCountry "BRA"]
[SourceTitle "EXT 2013"]
[Source "ChessBase"]
[SourceDate "2012.11.22"]
[SourceVersion "1"]
[SourceVersionDate "2012.11.22"]
[SourceQuality "1"]

1. e4 e5 2. Nf3 Nc6 3. Bb5 Nf6 4. O-O Nxe4 5. d4 Nd6 6. Bxc6 dxc6 7. dxe5 Nf5
8. Qxd8+ Kxd8 9. Nc3 h6 10. h3 Ne7 11. b3 Bf5 12. Rd1+ Kc8 13. Rd2 Nd5 14. Bb2
Be7 15. Rad1 a5 16. Nd4 Bg6 17. e6 Bg5 18. Re2 Nf4 19. Ree1 c5 20. Nf3 Nxe6 21.
Ne5 Ra6 22. Nxg6 fxg6 23. Ne4 Be7 24. Rd5 Rd8 25. Re5 Bf8 26. Ba3 Rc6 27. c3 b6
28. Bc1 Kd7 29. f4 Be7 30. g4 Rf8 31. f5 gxf5 32. gxf5 Nd8 33. Rd5+ Kc8 34. Bf4
c4 35. Kg2 cxb3 36. axb3 Rf7 37. Re3 g6 38. f6 Bxf6 39. Bxh6 Bh4 40. Bg5 Ne6
41. Re5 Nxg5 42. Nxg5 Rf2+ 43. Kg1 Rb2 44. Ne4 Rxb3 45. Re8+ Kb7 46. Rh8 Bf6
0-1

[Event "BRA-ch sf"]
[Site "Brasilia"]
[Date "2011.10.29"]
[Round "1"]
[White "Borensztajn, David"]
[Black "Barbosa, Evandro Amorim"]
[Result "0-1"]
[WhiteElo "1992"]
[BlackElo "2383"]
[PlyCount "66"]
[EventDate "2011.10.29"]
[EventType "swiss"]
[EventRounds "8"]
[EventCountry "BRA"]
[SourceTitle "EXT 2012"]
[Source "ChessBase"]
[SourceDate "2011.11.24"]
[SourceVersion "1"]
[SourceVersionDate "2011.11.24"]
[SourceQuality "1"]

1. d4 Nf6 2. Nf3 g6 3. Nc3 d5 4. Bf4 c6 5. Qd2 Bf5 6. e3 Bg7 7. Be2 Nh5 8. Bg5
h6 9. Bh4 g5 10. Bg3 Nd7 11. Be5 Nhf6 12. Bd3 Nxe5 13. Bxf5 Nc4 14. Qc1 Qb6 15.
O-O e6 16. Bd3 Qxb2 17. Qe1 g4 18. Rb1 Qa3 19. Rb3 Qe7 20. Nd2 b5 21. e4 b4 22.
Na4 Nxd2 23. Qxd2 dxe4 24. Be2 a5 25. c3 Nd5 26. cxb4 axb4 27. Nc5 O-O 28. Nxe4
Rfd8 29. h3 f5 30. Nc5 Nc3 31. Qe3 Bxd4 32. Qxe6+ Qxe6 33. Nxe6 Nxe2+ 0-1

[Event "BRA-ch sf"]
[Site "Brasilia"]
[Date "2011.10.29"]
[Round "2"]
[White "Barbosa, Evandro Amorim"]
[Black "Marques, Joao Paulo Cassemir"]
[Result "1-0"]
[WhiteElo "2383"]
[BlackElo "2097"]
[PlyCount "63"]
[EventDate "2011.10.29"]
[EventType "swiss"]
[EventRounds "8"]
[EventCountry "BRA"]
[SourceTitle "EXT 2012"]
[Source "ChessBase"]
[SourceDate "2011.11.24"]
[SourceVersion "1"]
[SourceVersionDate "2011.11.24"]
[SourceQuality "1"]

1. e4 c5 2. Nf3 g6 3. d4 cxd4 4. Nxd4 Nc6 5. Nc3 Bg7 6. Nde2 Nf6 7. g3 O-O 8.
Bg2 d6 9. O-O Rb8 10. a4 a6 11. Bg5 Ne5 12. Qc1 b5 13. axb5 axb5 14. Nd5 Nxd5
15. exd5 Nc4 16. Ra2 Re8 17. h3 Bb7 18. Rd1 Ra8 19. Rxa8 Qxa8 20. b3 Nb6 21.
Qd2 e6 22. Nc3 Bxc3 23. Qxc3 Bxd5 24. Bh6 e5 25. Bf1 Rc8 26. Qb4 Qc6 27. Qh4
Nd7 28. Qe7 Nf8 29. c4 bxc4 30. bxc4 Bh1 31. Rxd6 Qb7 32. Qxe5 1-0

[Event "BRA-ch sf"]
[Site "Brasilia"]
[Date "2011.10.30"]
[Round "3"]
[White "Baeta, Marcio Netto"]
[Black "Barbosa, Evandro Amorim"]
[Result "1/2-1/2"]
[WhiteElo "2159"]
[BlackElo "2383"]
[PlyCount "51"]
[EventDate "2011.10.29"]
[EventType "swiss"]
[EventRounds "8"]
[EventCountry "BRA"]
[SourceTitle "EXT 2012"]
[Source "ChessBase"]
[SourceDate "2011.11.24"]
[SourceVersion "1"]
[SourceVersionDate "2011.11.24"]
[SourceQuality "1"]

1. d4 Nf6 2. c4 g6 3. Nc3 d5 4. cxd5 Nxd5 5. e4 Nxc3 6. bxc3 Bg7 7. Bc4 c5 8.
Ne2 Nc6 9. Be3 O-O 10. O-O Bg4 11. f3 Bd7 12. dxc5 Ne5 13. Qb3 Nxc4 14. Qxc4
Be6 15. Qb5 a6 16. Qb2 Bc4 17. Rfd1 Qa5 18. Nd4 e5 19. Nc2 Rfd8 20. Nb4 Bf8 21.
Qf2 Rac8 22. Rxd8 Rxd8 23. c6 Qa4 24. Nd5 bxc6 25. Qh4 Rxd5 26. exd5 1/2-1/2

[Event "BRA-ch sf"]
[Site "Brasilia"]
[Date "2011.10.30"]
[Round "4"]
[White "Barbosa, Evandro Amorim"]
[Black "Lucena, Lincoln"]
[Result "1-0"]
[WhiteElo "2383"]
[BlackElo "2182"]
[PlyCount "103"]
[EventDate "2011.10.29"]
[EventType "swiss"]
[EventRounds "8"]
[EventCountry "BRA"]
[SourceTitle "EXT 2012"]
[Source "ChessBase"]
[SourceDate "2011.11.24"]
[SourceVersion "1"]
[SourceVersionDate "2011.11.24"]
[SourceQuality "1"]

1. e4 c5 2. Nf3 Nc6 3. d4 cxd4 4. Nxd4 Nf6 5. Nc3 e5 6. Ndb5 h6 7. Nd6+ Bxd6 8.
Qxd6 Qe7 9. Qxe7+ Kxe7 10. b3 d6 11. Ba3 Be6 12. O-O-O Rhd8 13. f3 a6 14. Nd5+
Bxd5 15. exd5 Nb8 16. c4 Nbd7 17. g3 Rac8 18. Kb1 Nc5 19. Bh3 Rc7 20. Rhf1 Kf8
21. f4 e4 22. Bb2 a5 23. Bd4 b6 24. Rfe1 Re7 25. Re3 Rb8 26. Bf5 Nfd7 27. Rde1
Rbe8 28. R1e2 h5 29. Bh3 Nf6 30. Bxf6 gxf6 31. Bf5 Rb8 32. Kc2 b5 33. cxb5 Rxb5
34. Bxe4 Nxe4 35. Rxe4 Rxe4 36. Rxe4 Rxd5 37. Kc3 f5 38. Re2 Rc5+ 39. Kb2 Rd5
40. a3 h4 41. gxh4 Rd4 42. Rf2 Ke7 43. Kc3 Re4 44. Rf3 d5 45. h5 Re6 46. Rh3
Rh6 47. Kd4 Kd6 48. Rh4 Kc6 49. b4 axb4 50. axb4 Kd6 51. b5 f6 52. Rh3 1-0

[Event "BRA-ch sf"]
[Site "Brasilia"]
[Date "2011.10.31"]
[Round "5"]
[White "El Debs, Felipe de Cresce"]
[Black "Barbosa, Evandro Amorim"]
[Result "1-0"]
[WhiteElo "2478"]
[BlackElo "2383"]
[PlyCount "79"]
[EventDate "2011.10.29"]
[EventType "swiss"]
[EventRounds "8"]
[EventCountry "BRA"]
[SourceTitle "EXT 2012"]
[Source "ChessBase"]
[SourceDate "2011.11.24"]
[SourceVersion "1"]
[SourceVersionDate "2011.11.24"]
[SourceQuality "1"]

1. Nf3 c5 2. c4 Nc6 3. Nc3 e5 4. e3 Nf6 5. a3 Be7 6. d4 exd4 7. exd4 d5 8. dxc5
d4 9. Nb5 Bg4 10. Be2 O-O 11. O-O Bxc5 12. b4 d3 13. Qxd3 Qxd3 14. Bxd3 Bxf3
15. gxf3 Rad8 16. Rd1 Bd4 17. Rb1 Rfe8 18. Kg2 Be5 19. f4 Bb8 20. Nc3 Ne7 21.
Be3 Ng6 22. Bxg6 fxg6 23. Rxd8 Rxd8 24. Rd1 Rf8 25. Nd5 Nh5 26. Ne7+ Kf7 27.
Rd7 Bxf4 28. Nd5+ Ke6 29. Rxb7 Bxe3 30. fxe3 Rc8 31. Nc7+ Ke5 32. Rxa7 Ke4 33.
b5 Kxe3 34. b6 Nf4+ 35. Kf1 Rf8 36. Ra8 Rf6 37. Re8+ Kd3 38. b7 Ne2+ 39. Ke1
Nd4 40. Rd8 1-0

[Event "BRA-ch sf"]
[Site "Brasilia"]
[Date "2011.11.01"]
[Round "6"]
[White "Barbosa, Evandro Amorim"]
[Black "Batista, Gerson Peres"]
[Result "1-0"]
[WhiteElo "2383"]
[BlackElo "2201"]
[PlyCount "65"]
[EventDate "2011.10.29"]
[EventType "swiss"]
[EventRounds "8"]
[EventCountry "BRA"]
[SourceTitle "EXT 2012"]
[Source "ChessBase"]
[SourceDate "2011.11.24"]
[SourceVersion "1"]
[SourceVersionDate "2011.11.24"]
[SourceQuality "1"]

1. d4 Nf6 2. c4 g6 3. Nc3 Bg7 4. Nf3 O-O 5. Bf4 d6 6. e3 h6 7. h3 Nbd7 8. Be2
c6 9. O-O Qe8 10. Bh2 Nh7 11. Qd2 f5 12. e4 fxe4 13. Nxe4 Ndf6 14. Nc3 Be6 15.
d5 Bf7 16. Rfe1 cxd5 17. cxd5 a6 18. Bd3 Rd8 19. Nh4 Rd7 20. Qc2 g5 21. Ng6
Bxg6 22. Bxg6 Qd8 23. Re3 Rc7 24. Rae1 Kh8 25. Qd3 b5 26. a3 Rg8 27. Ne2 Qa8
28. Ng3 Bf8 29. Bf7 Rg7 30. Be6 g4 31. Nf5 Rg5 32. h4 Rh5 33. Bf7 1-0